000
00279nam a22000857a 4500
008
160629b xxu||||| |||| 00| 0 eng d
100
_9
1302
_a
Tayal, B.B., et al
245
_a
Indian National Movement World Organisations and Civics - X
260
_a
New Delhi
_b
Avichal Publications
_c
2001
999
_c
1067
_d
1067